Ciudades de Norteamérica en emojis - Estadísticas

Estadísticas generales
  • Esta prueba ha sido intentada 37 veces
  • La puntuación promedio es 17 de 28
Estadísticas de respuestas
Imagen Respuesta % Correcto
Nueva York
97%
Los Ángeles
94%
Miami
87%
Toronto
87%
Las Vegas
84%
Orlando
84%
Washington D.C.
84%
San Francisco
81%
Houston
74%
Detroit
71%
Vancouver
71%
Ciudad de México
68%
Acapulco
65%
Boston
65%
Monterrey
65%
Chicago
61%
Nueva Orleans
61%
Guadalajara
58%
Montreal
55%
Filadelfia
45%
Seattle
42%
Atlanta
39%
Denver
39%
Phoenix
39%
Calgary
32%
Nashville
32%
Memphis
23%
Mexicali
13%
No se encontraron pruebas coincidentes
Distribución de puntuación
Porcentaje de gente con cada puntuación
Porcentaje por número respondido
Historial de tus puntuaciones
No has intentado esta prueba.